000
00218 a2200097 4500
020
_a
9780008750497
100
_a
Mehran Gul
245
_a
The new geography of innovation
260
_b
Harper Collins
_c
2025
942
_c
OO
999
_c
115638
_d
115637